[Event "World Senior Championship F50+/F65+"]
[Site "Katerini"]
[Date "2014.11.04"]
[Round "11.5"]
[White "Bogumil, Tatiana"]
[Black "Fatalibekova, Elena"]
[Result "1/2-1/2"]
[WhiteElo "2149"]
[BlackElo "2215"]
[EventDate "2014.10.24"]

1. Nf3 {[%clk 1:30:47]} Nf6 {[%clk 1:30:43]} 2. c4 {[%clk 1:30:48]} c5
{[%clk 1:30:50]} 3. Nc3 {[%clk 1:26:35]} d5 {[%clk 1:28:06]} 4. cxd5
{[%clk 1:25:37]} Nxd5 {[%clk 1:28:33]} 5. Qb3 {[%clk 1:14:09]} Nb4
{[%clk 1:18:12]} 6. a3 {[%clk 1:11:22]} N4c6 {[%clk 1:18:40]} 7. e3
{[%clk 1:09:52]} e6 {[%clk 1:18:26]} 8. Be2 {[%clk 1:03:17]} Be7 {[%clk 1:17:21]}
9. O-O {[%clk 1:03:33]} O-O {[%clk 1:16:19]} 10. Rd1 {[%clk 0:58:20]} e5
{[%clk 1:10:08]} 11. d4 {[%clk 0:47:44]} exd4 {[%clk 1:04:03]} 12. exd4
{[%clk 0:44:57]} Nxd4 {[%clk 1:03:53]} 13. Nxd4 {[%clk 0:45:03]} cxd4 14. Bf4
{[%clk 0:35:47]} Nc6 {[%clk 1:04:28]} 15. Bf3 {[%clk 0:32:03]} Bg5
{[%clk 0:46:46]} 16. Bg3 {[%clk 0:24:22]} Bh4 {[%clk 0:44:47]} 17. Ne2
{[%clk 0:17:24]} Bxg3 {[%clk 0:45:07]} 18. hxg3 {[%clk 0:17:39]} Qf6
{[%clk 0:44:32]} 19. Bxc6 {[%clk 0:16:22]} Qxc6 {[%clk 0:38:38]} 20. Nxd4
{[%clk 0:16:44]} Qf6 {[%clk 0:37:07]} 21. Rac1 Bg4 {[%clk 0:32:18]} 22. f3
{[%clk 0:15:19]} Rad8 {[%clk 0:32:31]} 23. Ne2 {[%clk 0:11:39]} Qa6
{[%clk 0:25:10]} 24. Rxd8 {[%clk 0:11:00]} Rxd8 {[%clk 0:25:37]} 25. Nf4
{[%clk 0:10:05]} Bc8 {[%clk 0:23:43]} 26. Rc7 {[%clk 0:09:07]} Qf6
{[%clk 0:14:03]} 27. Kh2 {[%clk 0:04:39]} Qh6+ {[%clk 0:12:54]} 28. Kg1
{[%clk 0:03:40]} Qf6 {[%clk 0:13:14]} 29. Nh5 {[%clk 0:03:25]} Qg6
{[%clk 0:09:16]} 30. g4 {[%clk 0:02:37]} h6 {[%clk 0:09:44]} 31. Qc2
{[%clk 0:02:13]} Qxc2 {[%clk 0:03:52]} 32. Rxc2 {[%clk 0:02:38]} Be6
{[%clk 0:03:28]} 33. Nf4 {[%clk 0:02:49]} Rd6 {[%clk 0:03:01]} 34. Rc7
{[%clk 0:02:08]} Rb6 {[%clk 0:03:06]} 35. Nxe6 {[%clk 0:02:27]} fxe6
{[%clk 0:03:33]} 36. b4 {[%clk 0:02:43]} Kf8 {[%clk 0:02:53]} 37. Kf2
{[%clk 0:03:03]} a5 {[%clk 0:03:23]} 38. bxa5 {[%clk 0:02:07]} Rb5
{[%clk 0:03:52]} 39. Rc8+ {[%clk 0:01:32]} Kf7 {[%clk 0:03:49]} 40. Ra8
{[%clk 0:31:38]} Rb3 {[%clk 0:31:30]} 41. Ra7 {[%clk 0:30:18]} Kf6
{[%clk 0:31:30]} 42. a4 {[%clk 0:27:58]} Rb4 {[%clk 0:30:56]} 43. a6
{[%clk 0:25:36]} Rxa4 {[%clk 0:27:02]} 44. axb7 {[%clk 0:25:42]} Rb4
{[%clk 0:27:31]} 45. Ke3 {[%clk 0:25:10]} Ke5 {[%clk 0:26:51]} 46. b8=Q+
{[%clk 0:21:47]} Rxb8 {[%clk 0:27:19]} 47. Rxg7 {[%clk 0:22:06]} Rb3+
{[%clk 0:27:20]} 48. Kf2 {[%clk 0:22:13]} Kf6 {[%clk 0:27:48]} 49. Rg8
{[%clk 0:21:34]} Kf7 {[%clk 0:27:26]} 50. Rh8 {[%clk 0:21:47]} Kg7
{[%clk 0:27:30]} 51. Rc8 {[%clk 0:22:06]} Rb2+ {[%clk 0:26:55]} 52. Kg3
{[%clk 0:22:27]} Re2 {[%clk 0:27:08]} 53. f4 {[%clk 0:19:55]} Re3+
{[%clk 0:20:47]} 54. Kf2 {[%clk 0:20:20]} Re4 {[%clk 0:20:00]} 55. Kf3
{[%clk 0:20:36]} Re1 {[%clk 0:19:33]} 56. Rc5 {[%clk 0:20:50]} Rf1+
{[%clk 0:18:28]} 57. Kg3 {[%clk 0:21:03]} Kf6 {[%clk 0:18:19]} 58. Rh5
{[%clk 0:19:31]} Kg6 {[%clk 0:18:43]} 59. Re5 {[%clk 0:19:53]} Kf6
{[%clk 0:19:02]} 60. g5+ {[%clk 0:16:27]} hxg5 {[%clk 0:19:31]} 61. Rxg5
{[%clk 0:16:51]} Ra1 {[%clk 0:19:43]} 62. Kg4 {[%clk 0:16:48]} Ra8
{[%clk 0:19:13]} 63. g3 {[%clk 0:16:58]} Rb8 {[%clk 0:19:33]} 64. Re5
{[%clk 0:16:44]} Rb3 {[%clk 0:18:54]} 65. Ra5 {[%clk 0:16:45]} Re3
{[%clk 0:18:25]} 66. Ra1 {[%clk 0:15:30]} Kg6 {[%clk 0:18:28]} 67. Rf1
{[%clk 0:14:54]} Kf6 {[%clk 0:18:44]} 68. Rf3 {[%clk 0:14:57]} Re1
{[%clk 0:19:02]} 69. Rc3 {[%clk 0:14:48]} Rf1 {[%clk 0:18:41]} 70. Re3
{[%clk 0:15:02]} Rf2 {[%clk 0:18:41]} 71. Re5 {[%clk 0:14:17]} Rf1
{[%clk 0:18:47]} 72. Re4 {[%clk 0:13:04]} Rf2 {[%clk 0:19:02]} 73. Ra4
{[%clk 0:12:38]} Rf1 {[%clk 0:18:26]} 74. Ra8 {[%clk 0:12:56]} Rf2 75. Rf8+
{[%clk 0:11:55]} Kg7 {[%clk 0:18:41]} 76. Re8 {[%clk 0:12:19]} Kf6
{[%clk 0:19:08]} 77. Rh8 {[%clk 0:12:43]} Kg7 {[%clk 0:18:22]} 78. Rh1
{[%clk 0:12:39]} Kg6 {[%clk 0:18:33]} 79. Rh5 {[%clk 0:11:28]} Rf1
{[%clk 0:18:44]} 80. Rg5+ {[%clk 0:11:40]} Kf7 {[%clk 0:18:52]} 81. f5
{[%clk 0:10:27]} Re1 {[%clk 0:18:45]} 82. fxe6+ {[%clk 0:09:03]} Rxe6
{[%clk 0:17:54]} 83. Kh5 {[%clk 0:08:35]} Ra6 {[%clk 0:16:47]} 84. Rb5
{[%clk 0:08:27]} Kg7 {[%clk 0:16:51]} 85. Rb7+ {[%clk 0:08:42]} Kg8
{[%clk 0:17:11]} 86. g4 {[%clk 0:08:27]} Rc6 {[%clk 0:17:39]} 87. Re7
{[%clk 0:06:54]} Ra6 {[%clk 0:17:59]} 88. Kg5 {[%clk 0:06:56]} Rb6
{[%clk 0:18:19]} 89. Kf5 {[%clk 0:07:12]} Ra6 {[%clk 0:18:25]} 90. Re6
{[%clk 0:07:26]} Rxe6 {[%clk 0:15:16]} 91. Kxe6 {[%clk 0:07:48]} Kg7
{[%clk 0:15:45]} 92. Kf5 {[%clk 0:07:44]} Kf7 {[%clk 0:16:14]} 1/2-1/2

[Event "World Senior Championship F50+/F65+"]
[Site "Katerini"]
[Date "2014.11.04"]
[Round "11.6"]
[White "Kasoshvili, Tsiala"]
[Black "Abdikasova, Panu"]
[Result "1-0"]
[WhiteElo "2161"]
[BlackElo "1981"]
[EventDate "2014.10.24"]

1. c4 {[%clk 1:30:58]} c5 {[%clk 1:30:34]} 2. Nc3 {[%clk 1:31:20]} Nf6
{[%clk 1:30:23]} 3. e4 {[%clk 1:30:44]} d6 {[%clk 1:30:31]} 4. g3
{[%clk 1:31:02]} b6 {[%clk 1:30:37]} 5. Bg2 {[%clk 1:31:24]} Bb7 {[%clk 1:31:02]}
6. Nge2 {[%clk 1:31:36]} e6 {[%clk 1:30:37]} 7. O-O {[%clk 1:29:34]} Be7
{[%clk 1:30:46]} 8. Re1 {[%clk 1:23:56]} Nc6 {[%clk 1:26:31]} 9. d4
{[%clk 1:23:52]} cxd4 {[%clk 1:23:01]} 10. Nxd4 {[%clk 1:24:08]} Nxd4
{[%clk 1:22:51]} 11. Qxd4 {[%clk 1:24:37]} O-O {[%clk 1:22:36]} 12. b3
{[%clk 1:24:56]} a6 {[%clk 1:22:56]} 13. Ba3 {[%clk 1:22:40]} Qc7
{[%clk 1:21:12]} 14. Red1 {[%clk 1:16:08]} Rfd8 {[%clk 1:20:27]} 15. Rac1
{[%clk 1:16:12]} Rab8 {[%clk 1:16:39]} 16. h3 {[%clk 1:07:00]} h5
{[%clk 1:16:28]} 17. Qd2 {[%clk 0:59:25]} Ba8 {[%clk 1:11:42]} 18. Qf4
{[%clk 0:56:05]} Rd7 {[%clk 1:06:39]} 19. Rd3 {[%clk 0:48:54]} Rbd8
{[%clk 1:03:40]} 20. Bb2 {[%clk 0:37:39]} Nh7 {[%clk 1:01:05]} 21. Qf3
{[%clk 0:34:27]} g6 {[%clk 1:00:50]} 22. Qe2 {[%clk 0:33:49]} Qb8
{[%clk 0:55:47]} 23. Rcd1 {[%clk 0:31:07]} Nf6 {[%clk 0:53:49]} 24. g4
{[%clk 0:24:27]} hxg4 25. hxg4 b5 {[%clk 0:51:51]} 26. cxb5 {[%clk 0:23:54]} axb5
{[%clk 0:52:16]} 27. Rh3 {[%clk 0:24:14]} b4 {[%clk 0:51:18]} 28. Nb1
{[%clk 0:19:06]} e5 {[%clk 0:49:25]} 29. Bf3 {[%clk 0:17:19]} Nh7
{[%clk 0:49:08]} 30. Bg2 {[%clk 0:12:50]} Ng5 {[%clk 0:45:36]} 31. Rhd3
{[%clk 0:13:10]} Qa7 {[%clk 0:45:02]} 32. Bc1 {[%clk 0:12:59]} Ne6
{[%clk 0:44:49]} 33. Rh3 {[%clk 0:11:36]} g5 {[%clk 0:43:28]} 34. Be3
{[%clk 0:10:56]} Qb8 {[%clk 0:41:32]} 35. Qf3 {[%clk 0:07:34]} Nf4
{[%clk 0:41:11]} 36. Bxf4 {[%clk 0:07:24]} exf4 {[%clk 0:41:30]} 37. Qd3
{[%clk 0:06:30]} Bf8 {[%clk 0:36:51]} 38. e5 {[%clk 0:05:14]} Bg7
{[%clk 0:37:10]} 39. Bxa8 {[%clk 0:03:14]} Qxa8 {[%clk 0:37:32]} 40. exd6
{[%clk 0:32:19]} Qc6 {[%clk 1:01:04]} 41. Qc4 {[%clk 0:21:04]} Qxc4
{[%clk 1:00:21]} 42. bxc4 {[%clk 0:21:30]} Rxd6 {[%clk 1:00:47]} 43. Rxd6
{[%clk 0:21:33]} Rxd6 {[%clk 1:01:13]} 44. Rb3 {[%clk 0:22:00]} Ra6
{[%clk 1:01:04]} 45. a3 {[%clk 0:20:14]} bxa3 {[%clk 1:00:49]} 46. Rxa3
{[%clk 0:18:17]} Rb6 {[%clk 0:59:01]} 47. Nd2 {[%clk 0:17:30]} Rb2
{[%clk 0:58:21]} 48. Rd3 {[%clk 0:17:42]} Rc2 {[%clk 0:58:25]} 49. Kg2
{[%clk 0:17:59]} Be5 {[%clk 0:54:35]} 50. Kf3 {[%clk 0:17:26]} f6
{[%clk 0:54:47]} 51. Ke4 {[%clk 0:05:57]} Kf7 {[%clk 0:54:07]} 52. Kf5
{[%clk 0:05:35]} Ke7 {[%clk 0:54:25]} 53. Rd5 {[%clk 0:05:00]} Bb2
{[%clk 0:53:23]} 54. c5 {[%clk 0:04:43]} Ba3 {[%clk 0:53:00]} 55. Ne4
{[%clk 0:05:13]} Bb2 {[%clk 0:52:56]} 56. Rd2 {[%clk 0:04:54]} Rxd2
{[%clk 0:52:31]} 57. Nxd2 {[%clk 0:05:24]} Bd4 {[%clk 0:49:23]} 58. Ne4
{[%clk 0:05:53]} Kf7 {[%clk 0:49:41]} 59. f3 {[%clk 0:05:25]} Ke7
{[%clk 0:49:39]} 60. c6 {[%clk 0:05:40]} Be5 {[%clk 0:49:01]} 61. Nxg5
{[%clk 0:05:34]} Bd4 {[%clk 0:48:53]} 62. Ne6 {[%clk 0:05:44]} Be5
{[%clk 0:48:59]} 63. Nxf4 {[%clk 0:04:26]} Kd6 {[%clk 0:49:19]} 64. c7
{[%clk 0:04:16]} Kxc7 {[%clk 0:48:55]} 65. Nd5+ Kd7 1-0

[Event "World Senior Championship F50+/F65+"]
[Site "Katerini"]
[Date "2014.11.04"]
[Round "11.7"]
[White "Birkholz, Olga"]
[Black "Baliuniene, Margarita"]
[Result "1-0"]
[WhiteElo "2067"]
[BlackElo "1961"]
[EventDate "2014.10.24"]

1. d4 {[%clk 1:30:55]} d5 {[%clk 1:30:57]} 2. Bf4 {[%clk 1:30:49]} e6
{[%clk 1:30:56]} 3. Nf3 {[%clk 1:30:45]} c5 {[%clk 1:31:16]} 4. e3
{[%clk 1:29:23]} Nf6 {[%clk 1:30:57]} 5. c3 {[%clk 1:28:36]} Nc6 {[%clk 1:29:29]}
6. Bd3 {[%clk 1:27:08]} Bd6 {[%clk 1:22:56]} 7. Bg3 {[%clk 1:21:35]} Ne4
{[%clk 1:19:45]} 8. Bxe4 {[%clk 1:16:54]} dxe4 {[%clk 1:20:09]} 9. Nfd2
{[%clk 1:16:37]} f5 {[%clk 1:19:40]} 10. Nc4 {[%clk 1:10:07]} Bxg3
{[%clk 1:18:59]} 11. hxg3 {[%clk 1:10:23]} b5 {[%clk 1:12:34]} 12. Qh5+
{[%clk 1:08:15]} Kf8 {[%clk 1:11:37]} 13. Ncd2 {[%clk 1:07:19]} cxd4
{[%clk 1:08:22]} 14. exd4 {[%clk 1:04:59]} Qd5 {[%clk 0:57:17]} 15. O-O
{[%clk 0:55:59]} b4 {[%clk 0:42:13]} 16. Nb3 {[%clk 0:50:19]} Ba6
{[%clk 0:38:08]} 17. Re1 {[%clk 0:48:45]} Rd8 {[%clk 0:27:47]} 18. N1d2
{[%clk 0:47:44]} g6 {[%clk 0:27:52]} 19. Qh6+ {[%clk 0:41:57]} Kf7
{[%clk 0:28:21]} 20. Rac1 {[%clk 0:39:16]} e5 {[%clk 0:26:36]} 21. c4
{[%clk 0:38:31]} Qd6 {[%clk 0:26:28]} 22. d5 {[%clk 0:33:48]} Nd4
{[%clk 0:26:54]} 23. Qe3 {[%clk 0:28:49]} Nxb3 24. axb3 {[%clk 0:28:10]} Rd7
{[%clk 0:26:59]} 25. Ra1 {[%clk 0:26:32]} Ra8 {[%clk 0:22:06]} 26. f3
{[%clk 0:25:58]} exf3 {[%clk 0:22:13]} 27. Nxf3 {[%clk 0:23:11]} e4
{[%clk 0:21:22]} 28. Ng5+ {[%clk 0:21:23]} Kg8 {[%clk 0:21:31]} 29. c5
{[%clk 0:20:15]} Qf6 {[%clk 0:19:21]} 30. c6 {[%clk 0:19:10]} Rxd5
{[%clk 0:19:39]} 31. Rxa6 {[%clk 0:19:15]} Rd3 {[%clk 0:19:46]} 32. Nxe4
{[%clk 0:09:59]} fxe4 {[%clk 0:20:05]} 33. Qxe4 {[%clk 0:10:27]} Rf8
{[%clk 0:08:02]} 34. Qc4+ {[%clk 0:06:20]} Qf7 {[%clk 0:05:51]} 35. Rxa7
{[%clk 0:05:21]} Qxc4 {[%clk 0:06:16]} 36. bxc4 {[%clk 0:05:50]} Rd6
{[%clk 0:05:48]} 37. c7 {[%clk 0:05:48]} Rc6 {[%clk 0:06:14]} 38. b3
{[%clk 0:05:29]} 1-0

[Event "World Senior Championship F50+/F65+"]
[Site "Katerini"]
[Date "2014.11.04"]
[Round "11.8"]
[White "Sand, Rosemarie"]
[Black "Priedite, Ingrida"]
[Result "1-0"]
[WhiteElo "1651"]
[BlackElo "2225"]
[EventDate "2014.10.24"]

1. d4 {[%clk 1:30:57]} Nf6 {[%clk 1:30:52]} 2. c4 {[%clk 1:31:21]} e6
{[%clk 1:31:07]} 3. g3 {[%clk 1:31:35]} c5 {[%clk 1:27:40]} 4. Nf3
{[%clk 1:30:59]} b6 {[%clk 1:23:49]} 5. Bg2 {[%clk 1:30:26]} Bb7 {[%clk 1:24:00]}
6. O-O {[%clk 1:29:44]} Be7 {[%clk 1:22:28]} 7. Nc3 {[%clk 1:28:30]} O-O
{[%clk 1:18:17]} 8. d5 {[%clk 1:16:47]} exd5 {[%clk 1:17:40]} 9. cxd5
{[%clk 1:15:52]} d6 {[%clk 1:16:59]} 10. e4 {[%clk 1:14:07]} Nbd7
{[%clk 1:13:04]} 11. h3 {[%clk 1:05:39]} Ne8 {[%clk 1:12:26]} 12. Qc2
{[%clk 1:03:16]} a6 {[%clk 1:10:57]} 13. Bf4 {[%clk 1:01:17]} Bf6
{[%clk 1:08:17]} 14. Rfe1 {[%clk 1:00:14]} b5 {[%clk 1:06:42]} 15. Rad1
{[%clk 0:51:42]} Rc8 {[%clk 0:59:53]} 16. e5 {[%clk 0:48:45]} Nxe5
{[%clk 0:58:35]} 17. Nxe5 {[%clk 0:46:39]} Bxe5 {[%clk 0:57:52]} 18. Bxe5
{[%clk 0:46:23]} dxe5 {[%clk 0:58:16]} 19. Rxe5 {[%clk 0:46:00]} Nd6
{[%clk 0:55:57]} 20. Rde1 {[%clk 0:42:16]} g6 {[%clk 0:51:54]} 21. h4
{[%clk 0:40:24]} Rc7 {[%clk 0:46:58]} 22. Qe2 {[%clk 0:35:38]} Bc8
{[%clk 0:38:31]} 23. Nd1 {[%clk 0:28:34]} Nc4 {[%clk 0:26:49]} 24. Re8
{[%clk 0:27:25]} Rxe8 {[%clk 0:27:07]} 25. Qxe8+ {[%clk 0:27:47]} Qxe8
{[%clk 0:27:34]} 26. Rxe8+ {[%clk 0:27:58]} Kg7 {[%clk 0:27:59]} 27. Ne3
{[%clk 0:24:49]} Nb6 {[%clk 0:13:23]} 28. f4 {[%clk 0:18:26]} c4 {[%clk 0:08:04]}
29. Nd1 {[%clk 0:04:31]} Rd7 {[%clk 0:07:28]} 30. Ne3 {[%clk 0:04:31]} Bb7
{[%clk 0:07:36]} 31. Rb8 {[%clk 0:04:44]} b4 {[%clk 0:03:23]} 32. d6
{[%clk 0:04:33]} Bxg2 {[%clk 0:02:41]} 33. Rxb6 {[%clk 0:04:54]} Bh3
{[%clk 0:01:08]} 34. Nxc4 {[%clk 0:05:07]} f6 {[%clk 0:01:01]} 35. Rxa6
{[%clk 0:04:57]} Kf7 {[%clk 0:01:01]} 36. Rb6 {[%clk 0:04:59]} Be6
{[%clk 0:01:11]} 37. b3 {[%clk 0:05:18]} Bxc4 {[%clk 0:01:11]} 38. bxc4
{[%clk 0:05:39]} Ke6 {[%clk 0:01:31]} 39. c5 {[%clk 0:05:32]} Ra7
{[%clk 0:01:08]} 40. Rxb4 {[%clk 0:35:05]} Rxa2 {[%clk 0:31:17]} 41. Re4+
{[%clk 0:31:00]} Kf5 {[%clk 0:24:10]} 42. Rd4 {[%clk 0:27:34]} Ra6
{[%clk 0:22:13]} 1-0

[Event "World Senior Championship F50+/F65+"]
[Site "Katerini"]
[Date "2014.11.04"]
[Round "11.9"]
[White "Lauterbach, Ingrid"]
[Black "Pelias, Marilyn"]
[Result "1-0"]
[WhiteElo "2095"]
[BlackElo "1613"]
[EventDate "2014.10.24"]

1. g3 {[%clk 1:30:58]} d5 {[%clk 1:30:16]} 2. Bg2 {[%clk 1:31:15]} e5
{[%clk 1:29:42]} 3. c4 {[%clk 1:29:16]} c6 {[%clk 1:28:41]} 4. Qb3
{[%clk 1:25:30]} Qb6 {[%clk 1:27:45]} 5. Qxb6 {[%clk 1:25:20]} axb6
{[%clk 1:28:11]} 6. cxd5 {[%clk 1:25:41]} c5 {[%clk 1:25:15]} 7. b3
{[%clk 1:22:24]} Bd6 {[%clk 1:23:56]} 8. Nc3 {[%clk 1:20:08]} Nf6
{[%clk 1:10:30]} 9. Nb5 {[%clk 1:17:49]} Ke7 {[%clk 1:09:36]} 10. Bb2
{[%clk 1:17:21]} Rd8 {[%clk 1:08:30]} 11. e4 {[%clk 1:17:19]} Na6
{[%clk 1:03:32]} 12. a3 {[%clk 1:14:24]} Nc7 {[%clk 0:58:16]} 13. Nxd6
{[%clk 1:13:11]} Kxd6 {[%clk 0:58:24]} 14. d3 {[%clk 1:09:00]} Nb5
{[%clk 0:58:22]} 15. f4 {[%clk 1:07:46]} Nd4 {[%clk 0:56:17]} 16. fxe5+
{[%clk 1:08:00]} Kxe5 {[%clk 0:56:16]} 17. Nf3+ {[%clk 1:08:21]} Kd6
{[%clk 0:55:55]} 18. Nxd4 {[%clk 1:08:34]} Ke7 19. Nc2 {[%clk 1:06:47]} g6
{[%clk 0:45:14]} 20. O-O {[%clk 1:04:19]} Nd7 21. Ne3 {[%clk 1:03:14]} f6
{[%clk 0:41:37]} 22. d4 {[%clk 1:00:49]} Rf8 {[%clk 0:39:53]} 23. b4
{[%clk 1:00:23]} Rf7 {[%clk 0:37:46]} 24. Rfc1 {[%clk 0:58:56]} Nb8
{[%clk 0:34:05]} 25. dxc5 {[%clk 0:58:18]} b5 {[%clk 0:32:40]} 26. d6+
{[%clk 0:57:54]} Kd8 {[%clk 0:32:18]} 27. Nd5 {[%clk 0:57:53]} Nd7 28. Rf1 f5
{[%clk 0:31:53]} 29. e5 {[%clk 0:57:46]} Rf8 {[%clk 0:29:46]} 30. e6 Nxc5
{[%clk 0:26:11]} 31. e7+ {[%clk 0:58:12]} Ke8 {[%clk 0:26:27]} 32. Nc7+
{[%clk 0:57:57]} Kf7 {[%clk 0:26:33]} 33. bxc5 {[%clk 0:58:09]} Ra4
{[%clk 0:26:12]} 34. Bd5+ {[%clk 0:58:27]} Be6 {[%clk 0:26:14]} 35. Bxe6# 1-0

[Event "World Senior Championship F50+/F65+"]
[Site "Katerini"]
[Date "2014.11.04"]
[Round "11.11"]
[White "Sinchurina, Tatiana"]
[Black "Hoose, Hannelore"]
[Result "1-0"]
[WhiteElo "1985"]
[BlackElo "1757"]
[EventDate "2014.10.24"]

1. d4 {[%clk 1:30:30]} c5 {[%clk 1:14:28]} 2. d5 {[%clk 1:30:03]} e5
{[%clk 1:14:45]} 3. e4 {[%clk 1:30:02]} d6 {[%clk 1:15:02]} 4. c4
{[%clk 1:27:32]} Nf6 {[%clk 1:12:58]} 5. Nc3 {[%clk 1:27:46]} Bd7
{[%clk 1:13:00]} 6. Be2 {[%clk 1:27:11]} h6 {[%clk 1:11:01]} 7. f4
{[%clk 1:22:24]} exf4 {[%clk 1:09:58]} 8. Bxf4 {[%clk 1:22:43]} Na6
{[%clk 1:05:01]} 9. a3 {[%clk 1:21:44]} Nc7 {[%clk 1:02:08]} 10. Qd3
{[%clk 1:21:49]} Bg4 {[%clk 1:00:50]} 11. Bxg4 {[%clk 1:19:28]} Nxg4
{[%clk 1:01:00]} 12. Qg3 {[%clk 1:19:25]} Nf6 {[%clk 0:59:18]} 13. Qf3
{[%clk 1:17:15]} Qd7 {[%clk 0:56:48]} 14. h3 {[%clk 1:16:27]} O-O-O
{[%clk 0:57:05]} 15. Nge2 {[%clk 1:13:28]} Re8 {[%clk 0:56:45]} 16. b4
{[%clk 1:10:12]} b6 {[%clk 0:55:19]} 17. bxc5 {[%clk 1:07:57]} dxc5
{[%clk 0:55:06]} 18. e5 {[%clk 1:07:26]} Ng8 {[%clk 0:49:51]} 19. d6
{[%clk 1:06:54]} Na6 {[%clk 0:49:54]} 20. Qa8+ {[%clk 1:04:00]} Nb8
{[%clk 0:50:05]} 21. Nb5 {[%clk 1:02:31]} Qf5 {[%clk 0:39:07]} 22. Nxa7+
{[%clk 1:02:09]} Kd7 {[%clk 0:37:00]} 23. Qb7+ {[%clk 1:01:52]} Ke6
{[%clk 0:35:49]} 24. Nb5 {[%clk 0:59:46]} Bxd6 {[%clk 0:32:29]} 25. Qd5+ Ke7
{[%clk 0:27:25]} 1-0